01265 a2200277 4500003000500000005001700005010001600022020003200038020002800070040000900098082001600107245013400123246005200257260003700309300004000346500004800386500029400434538002900728650003300757650004000790700002300830700002700853710002900880710003100909856004700940Nust20170207153416.0 a 97041831 a0585380686 (electronic bk.) a0833025295 (alk. paper) cNust00a358.403097300aSources of conflict in the 21st century :bregional futures and U.S. strategy /cedited by Zalmay M. Khalilzad and Ian O. Lesser.3 aSources of conflict in the twenty-first century aSanta Monica, CA :bRand,c1998. axiii, 336 p. :bill., map ;c23 cm. a"Prepared for the United States Air Force." aIntroduction (page-1) Overview of Future Security (page-7) Sources of Conflict in Asia (Page-43) Sources of Conflict in the Greater Middle (Page-171) Sources of Conflict in Europe and the Former Soviet Union (Page-231) Conclusion and Implication for the U.S. Air Force of 2025(Page-307)  aAlmirah No.54 Shelf No.5 0aAir defenseszUnited States. 0aWorld politicsy1989-xForecasting.1 aKhalilzad, Zalmay.1 aLesser, Ian O.,d1957-1 aProject Air Force (U.S.)1 aUnited States.bAir Force.41uhttp://www.rand.org/publications/MR/MR897/